00988aab a2200169 i 4500001001000000003001000010005001700020008004100037040001900078041000800097100004600105245004300151300007500194520038100269650006000650773010800710768714001CO-MdFUSB20241002062722.0240417t1983 ag ||||| |||| 00| 0 spa d bspacCO-MdFUSB aspa1 aDeiros, Pablo A. (Alberto) (1945-)eautor aTestimonios de vidac/ Pablo A. Deiros aVolumen 2, número 3, (septiembre, 1983), páginas: 25 - 26c; 27 cm aPerspectiva histórica de cómo los cristianos primitivos se apoyaron sobre el testimonio de vida como base de autoridad para su mensaje. teniendo en cuenta, que el argumento más fuerte a favor del cristianismo siempre ha sido la calidad de vida de los seguidores de Cristo. El Nuevo Testamento enfatiza la importancia del buen comportamiento en el desarrollo del reino. 7aCristianismoxHistoriay0030-0600 (Iglesia primitiva)20 tIglesia y Misión049402gVolumen 2, número 3, (septiembre, 1983), páginas: 25 - 26qpágina: 25